00715nam a2200181 i 450000100060000000300090000600500170001500700030003200800410003510000330007624501470010925000260025626000560028230000260033885200310036499900170039595201210041275998ES-MaACL20230906172702.0t|040928s1943 mx ||||1| spa d1 aGroethuysen, Bernard.96011413aLa formación de la conciencia burguesa en Francia durante el siglo XVIII / cBernhard Groethuysen ; traducción y prólogo de José Gaos. a[1ª ed. española]. aMéxico : bFondo de Cultura Económica, c[1943] aXV, 647 p. ; c22 cm. aES-MaACLjD-4611 bR.29856 c75998d75998 00104070aATENEOMbATENEOMcSVId2008-01-17eSCl0oD-4611p901079538r2023-02-23 00:00:00w2023-02-23yMONOGRAFIA